ACCION POPULAR : SU ESPIRITUALIDAD /

Guardado en:
Detalles Bibliográficos
Otros autores: Bravo Gallardo, Carlos (autor) (autor)
Formato: Libro
Colección:CRT ; 2
Temas:
Etiquetas: Agrega una etiqueta
Sin etiquetas, Sé el primero en etiquetar este registro!

MARC

LEADER 00000nam^a2200000^a^4500
001 000245756
005 20250521000000.0
009 20260310105512.782
035 |a 005197 
037 |a Acervo Xavier Clavigero 
082 |a 255. 5307  |b ACC 
245 1 0 |a ACCION POPULAR :  |b SU ESPIRITUALIDAD /  |c CARLOS BRAVO, S.J. ... [ ET AL.] 
264 |a MEXICO :  |b CRT 
300 |a 42 p. 
336 |a texto  |b txt  |2 rdacontenido 
337 |a sin mediación  |b n  |2 rdamedio 
338 |a volumen  |b nc  |2 rdasoporte 
440 |a CRT ;  |v 2 
649 |a XX 
650 |a Espiritualidad 
650 |a Iglesia y Problemas Sociales 
700 |a Bravo Gallardo, Carlos  |e (autor) 
910 |a Fondo General 
920 |a Impresos - Libros 
930 |a Colección General 
905 |a 101 
901 |a 005197  |b IT1  |c ACC  |i 005197  |u 20250521 
901 |a 005368  |b IT1  |c ACC  |i 005368  |u 20250521 
902 |a https://opac.biblio.iteso.mx/vufind/Record/000245756